| 000 | 00476nam a22001697a 4500 | ||
|---|---|---|---|
| 005 | 20230117115310.0 | ||
| 008 | 220226b ||||| |||| 00| 0 eng d | ||
| 020 | _a978-81-8473-560-4 | ||
| 041 | _aeng | ||
| 082 |
_a615.42 _bTUR-S |
||
| 100 |
_aTURCO, SALVATORE J. _97257 |
||
| 245 | _aSTERILE DOSAGE FORMS : THEIR PREPARATION AND CLINICAL APPLICATION | ||
| 260 |
_aU S A _bWILLIAMS AND WILKINS _c1994 |
||
| 300 | _a521;p | ||
| 650 |
_aPHARMACY _xB.PHARMA _97083 |
||
| 942 | _cBK | ||
| 999 |
_c7993 _d7991 |
||